000 00554nam a2200205Ia 4500
005 20250508163938.0
008 008 250505s9999 xx 000 0 hin d
020 _a81-88099-07-4
037 _aTextual
040 _aFEDL
_beng
_cFEDL
041 _ahin
_2eng
084 _a363.7, GOY
_qFEDL
100 _aGoyal M. K.
_9774515
245 0 _aParyavaran kwiz
260 _aJaipur, India
_bAnu Prakashan
_c2002
300 _a128p
650 _aEnvironmental Education
_9766882
942 _cTEXL
_h363.7, GOY
999 _c1386223
_d1386223